[Event "Copenhagen Chess Challenge 2017"]
[Site "Ballerup"]
[Date "2017.05.14"]
[Round "9.10"]
[White "Kleinman, Michael"]
[Black "Bjerre, Jonas"]
[Result "1-0"]
[WhiteElo "2335"]
[BlackElo "2338"]
[Annotator "Michael Kleinman"]
[PlyCount "87"]
[EventDate "2017.05.10"]
[EventCountry "DEN"]
[SourceTitle "ChessCanada"]
[Source "CFC"]
[SourceDate "2020.02.14"]
[SourceVersion "1"]
[SourceVersionDate "2020.02.14"]
[SourceQuality "1"]

{[%mdl 32768] This game was played in the last round of the Copenhagen Chess
Challenge. I was paired against a young and strong kid from Denmark. While
looking over his games before the round, I was happy to see that his main
opening against 1. e4 was the Taimanov since I am familiar with many of the
arising positions, being a Taimanov player myself. I decided to annotate this
game mainly because it was a lot of fun to play as there were many interesting
variations to calculate.} 1. e4 c5 2. Nf3 e6 3. d4 cxd4 4. Nxd4 Nc6 5. Nc3 Qc7
6. Be2 a6 7. O-O Nf6 8. Be3 Be7 (8... Bb4 {keeps the game in a more
traditional Taimanov feel.}) 9. f4 d6 {[#] In general, it seems to me that
these Schevinnigen structures, especially when the b8 knight is already
committed to c6, are quite pleasant for White, as White often gets an easy
attack with very simple play, while Black needs to defend precisely to
maintain the balance.} 10. Kh1 O-O 11. Qe1 Nxd4 12. Bxd4 b5 13. a3 Bb7 14. Qg3
{[#]} Bc6 ({Wei Yi won a beautiful game after 14. .. Rad8, which I have
included here for your enjoyment.} 14... Rad8 15. Rae1 Rd7 16. Bd3 Qd8 17. Qh3
g6 18. f5 e5 19. Be3 Re8 20. fxg6 hxg6 21. Nd5 Nxd5 {[%mdl 64] Analysis
Diagram [#] Critical Position} 22. Rxf7 $8 $18 {ed. - The beginning of a
by-now-famous kinghunt.} Kxf7 23. Qh7+ Ke6 24. exd5+ Kxd5 (24... Bxd5 25. Bxg6
$18) 25. Be4+ $8 Kxe4 26. Qf7 (26. c4 $3) 26... Bf6 27. Bd2+ Kd4 28. Be3+ Ke4
29. Qb3 $8 Kf5 30. Rf1+ Kg4 31. Qd3 $8 Bxg2+ 32. Kxg2 Qa8+ 33. Kg1 Bg5 34. Qe2+
$8 Kh4 35. Bf2+ Kh3 36. Be1 $1 {there's no good defence to checks on the third
rank; 1-0 Wei,Y (2724) -Bruzon Batista,L (2669) Danzhou, 2015.}) 15. Bd3 Qb7
16. b4 {With the direct point of stopping Black's counterplay of ...b4.} (16.
Rae1 b4 17. axb4 Qxb4 18. Ne2 Qb7 19. e5 Nh5 20. Qh3 g6 21. Ng3 {is the more
common continuation, but the direct b4 made more sense to me over the board.})
16... a5 17. Rae1 axb4 18. axb4 {[#]} g6 {This is a useful prophylactic move,
as White was planning Qh3 and e4-e5.} ({editor - Stockfish and Leela rate ...
g6 as an error, inviting an immediate f4-f5, and both recommend} 18... Ra3 $5)
19. Qh3 Ra3 20. Re3 h5 21. Rg3 {[#]} h4 $2 {Here Black had an only defense,
which is aimed at preventing White's play with f5.} (21... Nxe4 $6 22. Nxe4
Bxe4 23. Qxh5 e5 (23... Bxg2+ 24. Kg1 $8 $18) 24. fxe5 Bxg2+ 25. Kg1 $1 {
was what my opponent mentioned that he overlooked when he played 20... h5.}) ({
If Black plays a normal move such as} 21... Rfa8 $2 {White continues with f5
and the attack is overwhelming. The following is a sample line.} 22. f5 e5 23.
fxg6 exd4 24. gxf7+ Kf8 25. Qxh5 Nxh5 26. Rg8#) (21... Qd7 $1 {was Black's
only move} 22. f5 $6 e5 {and now Black will be able to trade queens and
protect his king.}) 22. Qxh4 e5 23. fxe5 ({Both my opponent and I missed the
important} 23. Qh6 $1 {which wins on the spot. I think we were both focussed
on the continuation that occurred in the game.} exd4 24. f5 Be8 25. Nd5 {
and the attack is overwhelming as Rh3 is a massive threat once the knight on
f6 is taken or moves. For instance} Nxd5 26. Rh3 $18) 23... Nxe4 {[%mdl 64] [#]
Critical Position} 24. Qxe4 $5 {It's not every game where you can sacrifice a
queen for two pieces, and for the sacrifice to be sound. In this game, while
interesting, it was unnecessary, as 24.Qh6 won immediately.} ({editor - Qh6
does win, but it gives up two exchanges, so you have to see through a series
of back-field sacs:} 24. Qh6 $1 {threatens to take on e4 and crack with e6}
Nxg3+ 25. hxg3 Bxg2+ 26. Kg1 Bxf1 {Black is up RR for N and threatens mate on
g2, but...} 27. Be4 {stops the mate and gains a tempo on the Q; Black has no
good defence to e6.}) 24... Bxe4 25. Bxe4 {[#]} Qa6 $2 ({Necessary was} 25...
Qd7 {Here White has a array of options, but in each case, with precise defense,
Black is holding} 26. e6 (26. exd6 Qxd6 $1 (26... Bxd6 $2 27. Rh3 $18) 27. Nxb5
Qxb4 28. Rxa3 Qxb5 $11) (26. Rh3 {with the idea of moving the e-pawn and
mating on h8} dxe5 27. Bxe5 f6 $1 $19) 26... Qxe6 27. Bd5 (27. Rh3 Bf6 $1 {
and Black is taking advantage of White's back rank.} 28. Bxf6 Qxf6 29. Rxf6
Ra1+ $19) 27... Rxc3 28. Bxe6 Rxg3 29. Rxf7 Rxf7 30. hxg3 Kf8 31. Bxf7 Kxf7 $11
) 26. Nd5 Bd8 27. Rxa3 Qxa3 28. Ra1 {[#] and the queen is trapped on a3.} Qxa1+
29. Bxa1 $18 {White will win the b5 pawn, and the minor pieces coordinate well.
} dxe5 30. Bd3 e4 31. Bxb5 f5 32. g3 Bg5 33. Bc6 Bd2 34. Kg2 Kf7 35. h4 Ke6 {
[#]} 36. Bd4 (36. b5 Kd6 37. Bd4 {transposes to the game, and would have been
the more technical way of converting the game.}) 36... Kd6 ({Immediately after
I played 36. Bd4 I noticed that Black could play} 36... Rd8 37. c4 Bxb4 $5 {
but fortunately, White can still play} 38. Bb6 $1 Rb8 (38... Rc8 39. Nxb4 $18)
39. Ba7 $18 ({or} 39. Bc7 $18)) 37. b5 Rc8 38. c4 Bc1 39. c5+ Ke6 40. Nf4+ Kf7
41. Bd5+ Ke8 42. b6 Ba3 43. b7 Rd8 44. Be5 1-0

[Event "Salento Open 2017"]
[Site "Salento"]
[Date "2017.05.24"]
[Round "6"]
[White "Kleinman, Michael"]
[Black "Horvath, Csaba"]
[Result "1/2-1/2"]
[WhiteElo "2335"]
[BlackElo "2503"]
[Annotator "Michael Kleinman"]
[PlyCount "276"]
[EventDate "2017.05.??"]
[EventType "swiss"]
[EventRounds "9"]
[EventCountry "ITA"]

{This game was the longest game of my life, lasting 138 moves, amounting to
over 6 and a half hours of play.} 1. e4 g6 2. d4 Bg7 3. Nf3 d6 4. Nc3 Nf6 5. h3
O-O 6. Be3 c6 7. a4 Nbd7 8. Be2 {I like to play this flexible system against
the modern/pirc, because it gives White a comfortable position, and also has
the added advantage that you can play this way against any move order that
Black chooses.} (8. a5 {is a move that Artemiev is playing with a lot of
success.}) 8... Qc7 9. Qd2 b6 10. O-O Bb7 11. Bh6 a6 12. Qe3 {Preparing to
play e5 myself.} e5 13. dxe5 dxe5 14. Bc4 b5 15. Ba2 b4 16. Ne2 {Offerring a
pawn sacrifice.} Qb6 (16... Bxh6 17. Qxh6 Nxe4 18. Ng3 Nef6 (18... Nxg3 19.
fxg3 $18) 19. Rad1 $16 {with a serious attack}) 17. Qxb6 Nxb6 18. Bxg7 (18. Be3
Nbd7 19. Rfd1 a5 20. Nd2 c5 21. f3) 18... Kxg7 19. Nxe5 a5 20. f3 Ba6 21. Rfe1
c5 22. c4 Rfd8 (22... Nxa4 23. Bb3 (23. Kh1) 23... Nxb2 24. Rxa5) 23. Nf4 Nxa4
(23... Nfd7 24. Nc6 $16) 24. Nfd3 Nd7 25. Nc6 Ndb6 26. Nxd8 Rxd8 27. Red1 Nxc4
28. Bxc4 Bxc4 29. Rxa4 Bb3 30. Rxa5 (30. Raa1 {was another option, perhaps
objectively better, but the resulting position looked fairly unclear in time
trouble, and even when looking back at the position in analysis, still looks
unclear.} Bxd1 31. Rxd1 c4 32. Nf2 Ra8 $13) 30... Bxd1 31. Nxc5 b3 32. Rb5 Rd2
33. Nxb3 Rxb2 34. Nd4 Rd2 35. Rd5 Rb2 36. h4 h5 37. Rd6 Ba4 (37... Kf8 38. Kh2)
38. Kh2 Kf8 39. Kg3 Ke7 40. Ra6 Bd7 41. Ra7 Ke8 42. Ra3 Rd2 43. Nb3 Rd3 44.
Ra8+ Ke7 45. Rb8 Be6 46. Nc5 Rc3 47. Na4 Rc2 48. Rb2 Rc4 49. Nb6 Rc1 50. Rd2
Rc6 51. Na4 Bb3 52. Nb2 Bc2 53. Kf4 Kf6 54. Rd4 Bb3 55. Ke3 Rc1 56. Rb4 Be6 57.
Nd3 Rh1 58. Kf2 Rd1 (58... Rxh4 59. Kg1) 59. Nf4 Rd6 60. Kg3 Ra6 61. Rd4 Rc6
62. Ne2 Rc2 63. Nf4 Ke7 64. Ra4 Bc4 65. Ra7+ Kd6 66. Ra8 Bf1 67. Ra7 Bc4 68.
Rb7 Ra2 69. Nh3 Ke6 70. Rc7 Bb3 71. Rc3 Ba4 72. Nf4+ Kf6 73. Rc5 Bb3 74. Rb5
Bc4 75. Rb4 Bf1 76. Rb7 Bc4 77. Rc7 Ra4 78. Rc5 Kg7 79. Rc6 Bb5 80. Rc7 Bc4 81.
e5 {I had to move a pawn as the 50 move rule was nearing.} Kf8 82. Nh3 Bb3 83.
Ng5 Ra5 84. Kf4 Ra4+ 85. Kg3 Ra5 86. Rc3 Ba2 87. Re3 Ke7 88. Kf4 Bd5 89. Rd3
Ra4+ 90. Kg3 Ra5 91. Rd4 Be6 92. Kf4 Ra2 93. g3 Ra3 94. Ne4 Bd7 95. Rc4 Be6 96.
Rc7+ Kf8 97. Rc3 Ra5 98. Nc5 Ke7 99. Ne4 ({editor -} 99. Kg5 $5 {aiming for
Kg7and Nd6.}) 99... Kf8 100. Rc5 Ra3 101. Nc3 Kg7 102. Rc7 Ra5 103. Rc6 Ra3
104. Rc5 Ra1 105. Ne2 Rd1 106. Rc3 Rd5 107. Ra3 Bd7 108. Ke4 Bc6 109. Kf4 f6 $2
{This position looks scary for Black, because one can envision White's Knight
arriving at f6, but this move loses directly.} (109... Bd7 110. Ra7 Kg8 111.
Rc7 $16) 110. exf6+ Kxf6 111. Ra6 Rd6 112. Nc3 Re6 113. Ne4+ Kg7 114. Ng5 Rf6+
115. Ke3 Bd5 (115... Kg8 116. Kd4 Kg7 117. Kc5 Bxf3 118. Rxf6 Kxf6 119. Nxf3
Kf5 120. Kd4 Kg4 121. Ne5+ Kxg3 122. Nxg6 $18) 116. Ra7+ (116. Rxf6 $1 $18 Kxf6
117. Kf4 $18 {[%cal Gg5e4,Gf4g5,Gf3f4,Gf4f5] This is winning for White because
White can dislodge the king from f6 with Ne4+, place his king on g5, trade the
f-pawn for Black's g pawn, and then pick up the pawn on h5.} Bc6 {For instance}
118. Ne4+ Kg7 119. Kg5 Bd5 120. Nd2 Be6 121. f4 Bd7 122. Nf1 Bc6 123. Ne3 Bf3
124. f5 gxf5 125. Nxf5+ Kh7 126. Nd4 Bg4 127. Nb3 Bd1 128. Nd2 Bg4 129. Ne4 {
Unfortunately, I missed this critical moment, only noticing the winning plan
should the rooks be traded a couple of moves later, when I was unable to do so.
}) 116... Kg8 117. Rc7 Rf8 118. Rd7 Bb3 119. Ke4 Re8+ 120. Kf4 Rf8+ 121. Ke5
Rf5+ 122. Kd6 Rd5+ 123. Ke7 Rf5 124. Rd3 Bc4 125. Rc3 Bf7 126. Re3 Kg7 127. Re4
Bb3 128. Rb4 Re5+ 129. Kd6 Rd5+ 130. Kc6 Rd3 131. Rf4 Bd5+ 132. Kc5 Bg8 133.
Kb4 Bd5 134. Kc5 Bg8 135. Ne4 Bd5 136. Nf2 Rd2 137. Ne4 Rd3 138. Ng5 Bg8 {
My opponent wrote down the move and claimed a threefold repetition.} 1/2-1/2

[Event "Barcelona Sants Open"]
[Site "Barcelona"]
[Date "2017.08.18"]
[Round "3"]
[White "Blomqvist, Eric"]
[Black "Kleinman, Michael"]
[Result "0-1"]
[WhiteElo "2526"]
[BlackElo "2340"]
[Annotator "Michael Kleinman"]
[PlyCount "58"]
[EventDate "2017.08.18"]
[EventType "swiss"]
[EventRounds "9"]
[EventCountry "ESP"]
[SourceTitle "ChessCanada"]
[Source "CFC"]
[SourceDate "2020.02.14"]
[SourceVersion "1"]
[SourceVersionDate "2020.02.14"]
[SourceQuality "1"]

{[%mdl 32768] My opponent is a very well prepared player, who also plays the
Taimanov (my main opening) as Black himself, so I figured I would have better
chances if I could surprise him in the opening. I had looked at the Caro Kann
before the tournament, and figured it would be a good time to try it.} 1. e4 c6
2. Nf3 d5 3. Nc3 a6 {[#] Interestingly, I faced this move in Riga the week
before as White when I played Ilja Schneider (2519), and had a lot of problems
finding a plan. The purpose of ...a6 is a bit subtle, but prevents Bb5+ in
some lines, thus allowing the light square bishop to develop to g4, followed
by developing a very solid structure with ...e6. editor - Both ...Bg4 and ....
dxe4 are much more common, with lots of examples.} 4. d4 ({Preventing the
bishop's development to the g4 square with the direct} 4. h3 {allows} d4 $5 5.
Ne2 c5 6. b4 Nc6 7. bxc5 e5 8. Ng3 Be6 {(1/2-1/2, 45) Mastrovasilis,D (2606)
-Tomczak,J (2588) Lublin, 2016.}) 4... Bg4 5. h3 Bh5 6. Bd3 e6 {[#]} 7. e5 {
This move is a bit premature - it would make a lot more sense once Black plays
...Nf6.} (7. a3 Be7 $146 (7... Nf6 8. e5 Nfd7 9. g4 Bg6 10. Bxg6 hxg6 11. Ne2
c5 12. c3 Nc6 13. Kf1 Be7 14. Kg2 $14 {(1-0, 31) Berelowitsch,A (2565)-Abel,D 
(2437) Germany, 2013.}) 8. Bf4 Nf6 {Once the bishop goes to f4, ...Nf6 seems
makes more sense, as Black is not as worried about allowing e5 with tempo.})
7... c5 8. g4 Bg6 9. Bxg6 hxg6 10. Ne2 $146 (10. Be3 Nd7 11. Qe2 Ne7 12. O-O-O
cxd4 13. Nxd4 Nxe5 $13 {(0-1, 53) Vucinic,G (2150)-Ratkovic,M (2176) Donji
Milanovac, 2012.}) 10... cxd4 {[#] This move is important. If White is able to
play c3, we would basically transpose to Short-Khalifman (2001), where Short
won a very nice game by putting his king on g2, knight to f4, and advanced the
h-pawn.} 11. Nexd4 Nc6 ({Developing the other knight to c6 via} 11... Ne7 12.
Kf1 Nec6 13. c3 Nd7 14. Nxc6 bxc6 {is probably even stronger for Black}) 12. c3
Nge7 13. Kf1 Qc7 14. Kg2 Rc8 15. Be3 Nxd4 {[#]} 16. Bxd4 (16. Qxd4 Nc6 17. Qf4
{When we discussed the game afterwards, my opponent mentioned that he did not
like this move because he figured his queen would be awkwardly placed, and
that I might have ...f6 at some point. While this is true, he can develop
pressure on the kingside, and it would make my play more difficult than it was
during the game.}) (16. cxd4 Qc2 17. Rc1 Qxd1 18. Rxc8+ Nxc8 19. Rxd1 Ne7 $15 {
[%cal Ge7c6] followed by ...Nc6.}) 16... Nc6 17. Qe2 Nxd4 18. cxd4 Be7 {[#]}
19. Qe3 (19. Qd2 {might have been better as now the c2 square is covered.
However this allows an interesting queen vs two rook ending.} Qc2 $5 20. Rac1
Qxd2 21. Rxc8+ Kd7 22. Rxh8 Qxb2 $13) 19... Qb6 20. Rab1 (20. Rac1 Rxc1 21.
Rxc1 Qxb2 {transposes to the line analyzed instead of 23. a4.}) 20... Rc2 21.
Qd3 Qc7 22. Qe3 Qb6 {[#]} 23. a4 $2 {White was not really in a position to
deny the repetition, and should have continued with 23. Qd3.} (23. Rhc1 Rxb2
24. Rxb2 Qxb2 25. Rc8+ Bd8 26. Ng5 O-O 27. Qf4 Bxg5 28. Rxf8+ Kxf8 29. Qxg5 Qb6
$17) (23. Rbc1 Rxc1 24. Qxc1 Kd7 25. Qf4 (25. b3 g5) 25... Qxb2 26. Qxf7 $2 Rf8
27. Qxg6 Qe2 $19) (23. Qd3 Qc7 $11 ({Black can continue the game with} 23...
Qc6)) 23... Kd7 24. b3 Rhc8 25. Qf4 {[#]} Qb4 (25... g5 $1 {would have
basically won on the spot.} 26. Qxf7 (26. Qe3 $2 R8c3 $19 {followed by rook
taking on f3 or b3.}) 26... Rf8 27. Qg6 Rc3 $1 {Somehow, I didn't consider
this move as I wanted to keep the rook on the second rank. I played ...Qb4 so
that ...Qc3 would be possible after 26. Qxf7.} 28. Nxg5 Rxf2+ 29. Kxf2 Qxd4+
30. Kg2 Qd2+ {and the white king will soon be mated.}) 26. h4 Re2 {[%mdl 64] 
[#]Critical Position} 27. Qxf7 $4 (27. Rhe1 $1 {is necessary, so that ...Re4
is not possible. Play might continue} Rxe1 28. Nxe1 Ke8 (28... Bxh4 $2 29. g5
$16) 29. Nd3 Qb6 $15) 27... Rf8 28. Qxg6 Rxf2+ {editor - Only move to win, and
what White must have missed.} 29. Kxf2 Qd2+ 0-1